000 00410nam a22001697a 4500
999 _c1339
_d1339
005 20210901150301.0
008 160521b xxu||||| |||| 00| 0 eng d
020 _a81-7808741-3
041 _aeng
082 _b3906
100 _aLevin R. I. & Rubin D. S.
_9984
245 _aStatistics for Management
260 _aDelhi
_bPearson Education,
300 _a1026
650 _aManagement
_9241
942 _cBK